| 000 | 01022nam a2200277Ia 4500 | ||
|---|---|---|---|
| 003 | OSt | ||
| 005 | 20221005133655.0 | ||
| 006 | a|||||r|||| 00| 0 | ||
| 007 | ta | ||
| 008 | 221004b |||||||| |||| 00| 0 hin d | ||
| 024 | _a32853 | ||
| 037 | _cTextual | ||
| 040 |
_aCRL _cCRL _bhin |
||
| 041 |
_2hin _ahin |
||
| 082 | _aO15:gx1,1, 152M4 | ||
| 100 | _aभरतमुनि | ||
| 245 | 0 |
_aहिन्दी नाट्यशास्त्रम् _b संपादक बाबूलाल शुक्ल शास्त्री |
|
| 246 | _aHindī nāṭyashāstram: sanpādak bābūlāl shukla shāstrī | ||
| 260 | _c1987 | ||
| 490 |
_vभाग-1 _aकाशी संस्कृत ग्रंथमाला; 215 |
||
| 650 | _a संगीत शास्त्र | ||
| 650 | _a संस्कृत साहित्य | ||
| 650 | _aभारतीय संगीत | ||
| 942 |
_hO15:gx1,1, 152M4 _cTEXL _2cc |
||
| 999 |
_c1067501 _d1067501 |
||